Metsittyneimmät valtiot - Statistics

Yleistilastot
  • Tätä visaa on pelattu 682 kertaa
  • Keskiarvotulos 10 / 21
Vastaustilastot
% Maanosa Valtio % Oikein
66,2 % Eurooppa Suomi
96%
62,1 % Eurooppa Ruotsi
85%
92,8 % Etelä-Amerikka Suriname
67%
64,2 % Afrikka Kongon tasavalta
63%
85,7 % Etelä-Amerikka Guyana
62%
77,5 % Oseania Papua-Uusi-Guinea
57%
90,2 % Oseania Palau
53%
91,7 % Oseania Mikronesia
52%
62,4 % Oseania Fidži
51%
87,3 % Oseania Salomoninsaaret
50%
66,0 % Aasia Japani
43%
70,1 % Aasia Laos
41%
87,9 % Afrikka Gabon
33%
71,0 % Aasia Bhutan
32%
65,9 % Aasia Brunei
32%
63,8 % Pohjois-Amerikka Dominica
30%
62,7 % Aasia Etelä-Korea
30%
87,3 % Afrikka Päiväntasaajan Guinea
30%
73,3 % Pohjois-Amerikka Saint Vincent ja Grenadiinit
27%
74,6 % Afrikka Seychellit
21%
68,4 % Afrikka Liberia
16%
Ehtoja vastaavia visoja ei löytynyt
Tulosjakauma
Jokaisen tuloksen saaneiden osuus
Persentiili vastausten määrän mukaan
Tuloshistoriasi
Et ole pelannut tätä visaa